Harry Potter "W," "X," and "Z" characters - Statistics

General Stats
  • This quiz has been taken 186 times
  • The average score is 5 of 9
Answer Stats
Hint Answer % Correct
X Editor of "The Quibbler" magezine Xenophilius Lovegood
95%
W Elf distraught at being freed Winky
88%
Z Haughty Hufflepuff in the DA Zacharias Smith
82%
W Professor who occasionally taught instead of Hagrid Wilhelmina Grubbly-Plank
61%
W Death Eater and executor of dangerous creatures Walden Macnair
56%
W Apparition instructor Wilkie Twycross
49%
W Witch who allowed herself to be burnt 47 times Wendelin the Wierd
20%
W Told Dolores Umbridge about the initial DA meeting Willy Widdershins
16%
W Author of "Defensive Magical Theory" Wilbert Slinkhard
15%
No matching quizzes found
Score Distribution
Percent of People with Each Score
Percentile by Number Answered
Your Score History
You have not taken this quiz